Биология растений и животных, Учебное пособие

Dettagli Bibliografici
Autore principale: Л. В. Грошева
Altri autori: В. Н. Данилов
Riassunto:Книга находится в премиум-версии платформы «Русский как иностранный».
Учебное пособие написано для иностранных учащихся подготовительного факультета. Оно предназначено для закрепления теоретического материала курса «Биология». Пособие включает тематический текстовый материал, контрольные вопросы и задания по биологии растений и животных, оценочные средства самостоятельного контроля знаний.
Гарантированный срок размещения на платформе до 15.02.2026 (автопролонгация)
Pubblicazione: Воронеж, Воронежский государственный университет инженерных технологий, 2022
Edizione:Биология растений и животных
Soggetti:
Accesso online:Перейти к просмотру издания
Natura: MixedMaterials Elettronico

MARC

LEADER 00000 a2200000 4500
001 RU/ROS-EDU.RU/128224
856 4 |u https://www.ros-edu.ru/book?id=128224  |z Перейти к просмотру издания 
010 |a 978-5-00032-612-1 
205 |a Биология растений и животных  |b 2026-02-15 
333 |a Гарантированный срок размещения на платформе до 15.02.2026 (автопролонгация) 
100 |a 20220101d2022 |||y0rusy0250   |s 2026-02-15 
105 |a y z 000zy 
101 0 |a rus 
102 |a RU 
200 1 |a Биология растений и животных  |b Электронный ресурс  |e Учебное пособие  |f Л. В. Грошева, В. Н. Данилов 
700 1 |b Л. В.  |a Грошева  |4 070 
701 1 |b В. Н.  |a Данилов  |4 070 
330 |a Учебное пособие написано для иностранных учащихся подготовительного факультета. Оно предназначено для закрепления теоретического материала курса «Биология». Пособие включает тематический текстовый материал, контрольные вопросы и задания по биологии растений и животных, оценочные средства самостоятельного контроля знаний. 
210 |a Воронеж  |c Воронежский государственный университет инженерных технологий  |d 2022 
610 1 |a биология 
610 1 |a растения 
610 1 |a животные 
675 |a 373.16 
686 |a 28.0  |2 rubbk 
300 |a Книга находится в премиум-версии платформы «Русский как иностранный». 
215 |a 116 с.